Cooperativismo

Salvato in:
Dettagli Bibliografici
Autore principale: Bolaños Alfaro, Claudio
Natura: testo
Pubblicazione: San José: MCJD. DINADECO
Tags: Aggiungi Tag
Nessun Tag, puoi essere il primo ad aggiungerne!!

MARC

LEADER 00000 a a2200000 04500
001 14192
003
040
090 |a 020700  
100 |a Bolaños Alfaro, Claudio  
245 |a Cooperativismo  
260 |a San José:   |b MCJD. DINADECO  
300 |a 14 p.  
999 |c 9954  |d 9954